000 00281nam a22001217a 4500
003 OSt
082 _bIR KAU/PLAN
_aVI
245 _aAnnual plan proposals 1984-85
260 _aVellanikkara
_bKerala Agricultural University
300 _a58p.
546 _aEnglish
942 _2ddc
_cIR
999 _c161488
_d161488